000 00466nam a2200169Ia 4500
003 LDD
008 190117s9999 xx 000 0 und d
020 _a8171380875
_c₹145
040 _cLDD
041 _ahi
082 _a8h3.7 र59201च
100 _aरमाकांत
245 0 _aचर्चित कहानियाँ
_cरमाकांत
260 _aनई दिल्ली
_bसामयिक
_c1995
300 _a144
942 _2ddc
_cH
999 _c168049
_d168049